The greedy monkey

Bibliographic Details
Main Author: Helen Juliana
Format: Book
Published: Kuala Lumpur : Penerbitan Fargoes , 2004
Series:English moral science
Subjects:

MARC

LEADER 00000cam a2200000 7i4500
001 0000000825
005 20220105103914.0
008 070703
020 |a 9831280687 
090 0 0 |a JP   |b MOR ENG (392) 
100 1 |a Helen Juliana 
245 1 4 |a The greedy monkey   |c Helen Juliana 
260 |a Kuala Lumpur :   |b Penerbitan Fargoes ,   |c 2004 
440 0 |a English moral science 
500 |a Children age 4-6 years old (yellow) 
650 0 |a English fiction 
999 |a 0000897495   |b Book   |c Children Collection   |e Cawangan Segamat 
999 |a 0000897496   |b Book   |c Children Collection   |e Cawangan Segamat 
999 |a 0000897501   |b Book   |c Children Collection   |e Cawangan Tangkak 
999 |a 0000953201   |b Book   |c Children Collection   |e Cawangan Bukit Gambir 
999 |a 0000953202   |b Book   |c Children Collection   |e Perbadanan Perpustakaan Awam Johor 
999 |a 0000953203   |b Book   |c Children Collection   |e Cawangan Tmn. Ungku Tun Aminah 
999 |a 0000953205   |b Book   |c Children Collection   |e Perbadanan Perpustakaan Awam Johor 
999 |a 0000967392   |b Book   |c Children Collection   |e Cawangan Tmn. Ungku Tun Aminah 
999 |a 0000967393   |b Book   |c Children Collection   |e Cawangan Pontian 
999 |a 0000967395   |b Book   |c Children Collection   |e Cawangan Segamat 
999 |a 0000982193   |b Book   |c Children Collection   |e Cawangan Bandar Penawar 
999 |a 0000982195   |b Book   |c Children Collection   |e Cawangan Segamat 
999 |a 0000982196   |b Book   |c Children Collection   |e Cawangan Tangkak